000 00680nam a22001937a 4500
999 _c160450
_d160450
005 20190213111749.0
010 _aENG-124700
020 _a9788191065138
_c400.00
035 _aEN-108232
037 _bDBAD/PUB
082 _a155.9042
245 _aNew horizons in stress managemenyt /
_ced. by Sadiqur Razaque,Enaytullah [and] R.P.Singh
260 _aNew Delhi
_bAyushaman Publication House
_c2011
270 _a352/D2 Ajit Bhawan Munirka,Near J.N.U.Main Gate.
_bNew Delhi
_e110067
_k011-7503176725,9555936935
_mayushmanpubhouse@gmai.com
300 _a166 p.
_c21cm.(Hb)
700 _aEnaytullah
710 _aR.P Singh
942 _2ddc
_cEN
_mNEW
_h155.9042